000 00505nam a2200205Ia 4500
003 0100
008 130303s9999 xx 000 0 und d
020 _a879750529
040 _cARRUPELIB
050 _aLC268.H26 1975
100 _aHall, Robert Tom
245 _aMoral education in theory and practice
260 _aBuffalo
260 _bPrometheus Books
260 _C1975
300 _a189 p.
300 _b 24 cm
700 _aRobert Tom Hall and John U. Davis , Davis, John U
942 0 0 _01
999 _c8994
_d8994